000 00586nmm a2200193Ia 4500
008 251105s9999||||xx |||||||||||||||||und||
020 _a9788415538301
041 _aspa
100 _aHenar Barriga, Jacobo
245 0 _aLa postmodernidad ante el espejo
264 _a[Madrid, España] :
_bPrensas Universitarias de Zaragoza,
_c2012
300 _a179 páginas
490 _aHumanidades
650 _aPhilosophy, Ethics
700 _aHenar Barriga, Jacobo
700 1 _a Martínez Rodríguez, Alejandro
856 _uhttps://public.digitaliapublishing.com/a/42790
942 _cCF
999 _c66787
_d66787